Reimaginando los orígenes del Cristianismo. Relevancia social y eclesial de los estudios sobre Orígenes del Cristianismo. Libro homenaje a Rafael Aguirre en su 65 cumpleaños
Gespeichert in:
| 1. Verfasser: | |
|---|---|
| Weitere Verfasser: | |
| Format: | Buch |
| Sprache: | Spanisch |
| Veröffentlicht: |
Pamplona, España
Verbo Divino
2008
|
| Ausgabe: | 1a. ed |
| Schriftenreihe: | Agora,
|
| Schlagworte: | |
| Tags: |
Tag hinzufügen
Keine Tags, Fügen Sie den ersten Tag hinzu!
|
MARC
| LEADER | 00000cam a2200000 a 4500 | ||
|---|---|---|---|
| 001 | UCC8836 | ||
| 003 | CL-VaPUC | ||
| 005 | 20241118153320.0 | ||
| 008 | 190823e20080000sp |||||||||||||||||spa|d | ||
| 999 | |c 375085 |d 375083 | ||
| 020 | |a 9788481697711 | ||
| 040 | |c Pontificia Universidad Católica de Valparaíso | ||
| 082 | 0 | 4 | |a 230 BER 2008 |2 21 |
| 100 | 0 | |a Bernabé Ubieta, Carmen |e author |9 603565 | |
| 245 | 1 | 0 | |a Reimaginando los orígenes del Cristianismo. |b Relevancia social y eclesial de los estudios sobre Orígenes del Cristianismo. Libro homenaje a Rafael Aguirre en su 65 cumpleaños |
| 250 | |a 1a. ed | ||
| 260 | |a Pamplona, España |b Verbo Divino |c 2008 | ||
| 300 | |a 559 páginas | ||
| 440 | |a Agora, |n 23 |9 860751 | ||
| 505 | |a Autores Introducción Rafael Aguirre: semblanza personal Bibliografía de Rafael Aguirre PARTE I LA IMPORTANCIA DE LA METODOLOGÍA Gerd Theissen Exégesis socio-histórica: desde los comienzos de la investigación histórico-crítica hasta la antropología cultural Halvor Moxnes Interpretación socio-científica del Nuevo Testamento y una hermenéutica del diálogo John H. Elliott La crítica socio-científica: la configuración colectiva y cooperativa de un método Bruce J. Malina el; eoj y la ayuda social: la utilización de las ciencias sociales en la interpretación del Nuevo Testamento PARTE II ORÍGENES DEL CRISTIANISMO Esther Miquel Pericás Aproximación antropológica a la práctica exorcista de Jesús Philip F. Ester La muerte de Jesús y el Siervo sufriente de Isaías: aproximación psico-sociológica a una cuestión histórica y teológica Santiago Guijarro Oporto Memoria cultural e identidad de grupo en el Documento Q Elisa Estévez López Casa, curación y discipulado en Marcos David Álvarez Cineira Pablo y las dificultades de los seguidores de Cristo en la ciudad de Roma Carlos Gil Arbiol La dimensión política de las comunidades paulinas: cuerpo, casa y ciudad en Aristóteles y Pablo Carmen Bernabé Ubieta Duelo y género en los relatos de la visita a la tumba Carolyn Osiek Mujeres, honor y contexto en la antigüedad mediterránea Fernando Rivas Rebaque Modelos de hospitalidad en la primera Carta de Clemente a los Corintios PARTE III RELEVANCIA SOCIAL Y ECLESIAL DE LOS ESTUDIOS SOBRE BIBLIA Y ORÍGENES DEL CRISTIANISMO Julio Trebolle Barrera Los comienzos o arv cai, del Nuevo Testamento y de la biografía de Jesús Juan Luis de León Azcárate La Biblia y la dignidad de los indios del Nuevo Mundo. O cuando la teología ilumina la política de una época Eduardo Arens De Oriente a Occidente: la importancia hermenéutica del factor cultural visto en el ejemplo del matrimonio y el divorcio Bibliografía general | ||
| 583 | |a last modification |c 20190823 13:21:00 |k Rodrigo Vera | ||
| 650 | 0 | |a Cristianismo |9 257361 | |
| 650 | 0 | |a Eclesiología |9 366152 | |
| 700 | |a Gil Arbiol, Carlos |e autor |9 603566 | ||
| 942 | |c BK |2 ddc | ||
| 945 | |d 20190823 13:21:00 |a dcastane | ||
| 952 | |0 0 |1 0 |3 erd |4 0 |6 230_000000000000000_BER_2008 |7 0 |8 A |9 493974 |a BIBTEO |b BIBTEO |d 2019-08-13 |e 8 |g 24500.00 |i 5559677 |o 230 BER 2008 |p 5559677 |r 2025-01-17 |v 24500.00 |w 2019-11-24 |y BK |z Catalogado en:20190823 |k ICR | ||
| 952 | |0 0 |1 0 |2 ddc |3 erd |4 0 |6 230_000000000000000_BER_2008 |7 0 |8 A |9 595195 |a BIBTEO |b BIBTEO |d 2019-08-13 |i 5280419 |o 230 BER 2008 |p 5280419 |r 2024-06-25 |w 2019-11-24 |y BK |z Catalogado en:20190823 |k ICR | ||